000 00879nam a2200277 4500
003 EG-GICUC
005 20260205131425.0
008 260205s1949 fr ||||fr|||| 00| 0 fre d
040 _aEG-GiCUC
_bfre
_cEG-GiCUC
_dEG-GiCUC
_eRda
041 0 _afre
082 0 4 _221
_a341.84
_bGA . R
092 0 4 _221
099 _aLaw1 12 341.84 GA . R 1949
100 1 _aGannagé, Pierre
_eAuteur
245 1 3 _aLe Rôle de l'équité dans la solution des conflits de lois /
_cPierre Gannagé.
264 1 _aParis :
_bJurisprudence,
_c1949.
300 _a673 page ;
_c 24 cm.
336 _2rda contenu
_a texte
337 _2rda medias
_aOrdinateur
338 _2 transporteur rda
_a Ressource en ligne
546 _aTexte en français
650 1 4 _aDroit international privé
856 4 0 _uhttps://fll.law.cu.edu.eg/fulltext/bks/B12-02327.pdf
905 _a30
942 _2ddc
_cBK
_e21
_n0
999 _c61266
_d61266